<?xml version="1.0" encoding="UTF-8"?>
<marc:record xmlns:marc="http://www.loc.gov/MARC21/slim">
   <marc:leader>00000nam a2200000 a 4500</marc:leader>
   <marc:datafield ind1="1" ind2=" " tag="100">
      <marc:subfield code="a">Glück, Walter</marc:subfield>
      <marc:subfield code="4">ctb</marc:subfield>
      <marc:subfield code="e">Mitwirkende/-r</marc:subfield>
   </marc:datafield>
   <marc:datafield ind1=" " ind2=" " tag="653">
      <marc:subfield code="a">Matcha</marc:subfield>
   </marc:datafield>
   <marc:datafield ind1=" " ind2=" " tag="653">
      <marc:subfield code="a">Naturheilmittel</marc:subfield>
   </marc:datafield>
   <marc:datafield ind1=" " ind2=" " tag="653">
      <marc:subfield code="a">Ratgeber</marc:subfield>
   </marc:datafield>
   <marc:datafield ind1=" " ind2=" " tag="653">
      <marc:subfield code="a">Kochbuch</marc:subfield>
   </marc:datafield>
   <marc:datafield ind1="0" ind2="0" tag="245">
      <marc:subfield code="a">Matcha</marc:subfield>
   </marc:datafield>
   <marc:datafield ind1="0" ind2="0" tag="245">
      <marc:subfield code="b">das gesunde Grüntee-Wunder ; [das Lifestylegetränk des 21. Jahrhunderts ; mit Rezeptteil</marc:subfield>
   </marc:datafield>
   <marc:datafield ind1="0" ind2="0" tag="245">
      <marc:subfield code="c">Walter Glück</marc:subfield>
   </marc:datafield>
   <marc:datafield ind1=" " ind2="1" tag="264">
      <marc:subfield code="a">Wien</marc:subfield>
      <marc:subfield code="b">Kneipp-Verl.</marc:subfield>
      <marc:subfield code="c">2011</marc:subfield>
   </marc:datafield>
   <marc:datafield ind1=" " ind2=" " tag="250">
      <marc:subfield code="a">1. Aufl.</marc:subfield>
   </marc:datafield>
   <marc:datafield ind1="1" ind2=" " tag="520">
      <marc:subfield code="a">Angaben aus der Verlagsmeldung

Matcha : Das gesunde Teewunder aus Japan / von Walter Glück

Der einst exklusive Trank der japanischen Teezeremonie entwickelt sich zur weltweit begehrten Livestyle-Substanz. Als Zutat zu Süßigkeiten und Schokolade ist der Grüntee Matcha schneller international ins Gespräch gekommen als durch die Jahrhunderte lang bekannte anregende Wirkung, die zu seinem Beinamen „Espresso unter den Tees“ führte. Er wirkt anregend, ohne aufzuregen - wie etwa nach eine Überdosis Kaffee. Wissenschaftliche Forschungen bestätigen, was man aufgrund der positiven Wirkungen bei Matcha-Teegenuss vermutete: Anders als andere Teesorten verfügt er über gesundheitsfördernde Eigenschaften, die außerordentlich komplex sind. In diesem Buch werden erstmals Hintergründe, die medizinischen Aspekte, aber auch die richtige Anwendung von Matcha für den Normalverbraucher genussvoll dargestellt.
</marc:subfield>
   </marc:datafield>
   <marc:datafield ind1=" " ind2=" " tag="020">
      <marc:subfield code="a">9783708805221</marc:subfield>
      <marc:subfield code="9">9783708805221</marc:subfield>
   </marc:datafield>
   <marc:datafield ind1=" " ind2=" " tag="041">
      <marc:subfield code="a">ger</marc:subfield>
   </marc:datafield>
   <marc:datafield ind1=" " ind2=" " tag="300">
      <marc:subfield code="a">95 S.</marc:subfield>
   </marc:datafield>
</marc:record>
